| 000 | 00972nas a2200277Ia 4500 | ||
|---|---|---|---|
| 001 | R017/42755 | ||
| 003 | IT-RoPAU | ||
| 008 | 151124c99999999xx |||||||||||| ||und|| | ||
| 040 | _aIT-RoPAU | ||
| 040 | _cIT-RoPAU | ||
| 041 | _aITALIANO | ||
| 100 |
_aMoravia Alberto _gCodice Aut. SPICS: 3587 |
||
| 210 | _aFILMCRITICA | ||
| 222 | _aFilmcritica | ||
| 245 |
_aFILMCRITICA, ANNO 37-N.364 (MAGGIO 1986) _bEstetica Nucleare-Conversazione Tra Alberto Moravia E Alexander Kluge |
||
| 250 | _a1a ed. | ||
| 260 |
_aMONTEPULCIANO _bEDITORI DEL GRIFO _c1986 |
||
| 501 |
_bPaulus - SPICS - Società San Paolo EM (non-commercial uses only) _cCopyright2015 |
||
| 300 | _a10 p. [195-204] | ||
| 362 | _aANNO 037, N.364 (MAGGIO 1986) | ||
| 500 | _aSull'Immaginario e la Presa di Coscienza. Conversazione Registrata al Festival di Berlino. | ||
| 650 |
_aCINEMA _vPUBBLICAZIONE PERIODICA |
||
| 700 | _aKluge Alexander | ||
| 700 | _gCodice Aut. SPICS: 5056 | ||
| 942 | _cCR | ||
| 999 |
_c163270 _d163270 |
||